000 01148nam a2200265Ia 4500
003 OSt
005 20221005104107.0
006 a|||||r|||| 00| 0
007 ta
008 221004b |||||||| |||| 00| 0 hin d
020 _a8186702563 (hbk)
_c450
024 _a118751
037 _b201/2011-12, 21/10/2011, Classic Book Service
_cTextual
040 _aCRL
_cCRL
_bhin
041 _2hin
_ahin
082 _aY:1.2.A, 152Q1
100 _aसक्सेना, प्रवेश
245 0 _aवैदिक समाज, संस्कृति और विज्ञान
_b आधुनिकता के परिप्रेक्ष्य में
246 _aVaidik samāja, sanskṛuti aur vijnyāna: ādhunikatā ke pariprekṣhya mean
260 _aदिल्ली
_bजे. पी. पब्लिशिंग हाउस भारत
_c2011
300 _a292पृ0
_ccm.
650 _aभारतीय-लोक साहित्य
942 _hY:1.2.A, 152Q1
_cTEXL
_2cc
999 _c1011697
_d1011697